000
00211 a2200097 4500
001
48536
100
_a
Philips
245
_a
Elementary atlas of comparative geography
260
_a
_b
_c
090
_c
31468
_d
31468
942
_a
NUST-CAE
_c
M
_c
23856
999
_c
283609
_d
283609